| 000 | 01601cam a22003254a 4500 | ||
|---|---|---|---|
| 001 | 15854944 | ||
| 005 | 20130203114052.0 | ||
| 008 | 090805s2010 pau b 001 0 eng | ||
| 010 | _a 2009032146 | ||
| 020 | _a9781439902226 (cloth : alk. paper) | ||
| 082 | 0 | 0 |
_a303.48273056 _222 _bKIE |
| 100 | 1 |
_aKieser, Hans-Lukas. _932314 |
|
| 245 | 1 | 0 |
_aNearest East : _bAmerican Millennialism and Mission to the Middle East / _cHans-Lukas Kieser. |
| 260 |
_aPhiladelphia : _bTemple University Press, _c2010. |
||
| 300 |
_ax, 213 p. : _c24 cm. |
||
| 490 | 0 | _aPolitics, history, and social change | |
| 504 | _aIncludes bibliographical references (p. [197]-200) and index. | ||
| 505 | 0 | _aThe United States and the Near East, circa 1800 -- A quest for "Zion" and peace on Earth : mission to the Bible lands -- Dream and trauma : missionary America and young Turkey, 1908-1923 -- Oil, Palestine-Israel, and empire of the good -- American steps and shortcuts to "Zion" after 1967. | |
| 650 | 0 |
_aMillennialism _xPolitical aspects _zUnited States _xHistory. _932315 |
|
| 650 | 0 |
_aChristianity and politics _zUnited States _xHistory. _932316 |
|
| 650 | 0 |
_aMissionaries _zUnited States _xHistory. _932317 |
|
| 650 | 0 |
_aMissionaries _zMiddle East _xHistory. _932318 |
|
| 650 | 0 |
_aChristian Zionism _zUnited States _xHistory. _932319 |
|
| 651 | 0 |
_aUnited States _xRelations _zMiddle East. _932320 |
|
| 651 | 0 |
_aMiddle East _xRelations _zUnited States. _932321 |
|
| 651 | 0 |
_aUnited States _xRelations _zIsrael. _932322 |
|
| 651 | 0 |
_aIsrael _xRelations _zUnited States. _932323 |
|
| 653 |
_bPol _cFebruary2013 |
||
| 942 |
_2ddc _cBB |
||
| 999 |
_c17207 _d17179 |
||